| 000 | 00732nam a22002417a 4500 | ||
|---|---|---|---|
| 003 | OSt | ||
| 005 | 20140310182336.0 | ||
| 008 | 130925t xxu||||| |||| 00| 0 eng d | ||
| 020 | _a9781405844123 | ||
| 050 |
_aQA 11.154 _b.St896h 2008 |
||
| 100 |
_aStraker, Anita. _921533 |
||
| 245 |
_aExploring maths 3 : _bhome book / _cAnita Straker. |
||
| 260 |
_aGreat Britain, Scotprint : _bPearson Longman, _cc2008. |
||
| 300 |
_aiv. 111 p. : _bill. col. ; _c27 cm. |
||
| 500 | _acolored | ||
| 651 |
_aMeasurements _xmathematics _921573 |
||
| 651 |
_aEquations _xmathematics _921574 |
||
| 651 |
_aMathematical formulas _xFormula _xFormulae _921575 |
||
| 942 |
_2lcc _cBK-TR |
||
| 999 |
_c12060 _d12060 |
||